000 00721nam a2200217Ii 4500
003 JO-AjNU
008 230605s9999||||xx |||||||||||||| ||und||
017 _a2010/2/251
040 _aJO-AjNU
_bara
_erda
_cJO-AjNU
041 _aara
050 1 4 _aQ180 .55 .S7 N8 2011
100 3 _aالنعيمي، محمد عبد العال ,
_eauthor
_929660
245 0 0 _aإستخدام الطرق الإحصائية في تصميم البحث العلمي
250 _aط1
264 3 1 _aعمان:دار اليازوري ،2011
300 _a359ص
336 _atext
_btxt
_2rdacontent
337 _aunmediated
_bn
_2rdamedia
338 _avolume
_bnc
_2rdacarrier
650 4 _aالعلمي - طرق إحصائية. 
_929661
999 _aA11662
_c15230
_d15230